Fields of Gold lyrics (Sting) - Statistics

General Stats
  • This quiz has been taken 5 times
  • The average score is 168 of 218
Answer Stats
Lyrics % Correct
a
100%
barley
100%
But
100%
fields
100%
for
100%
forget
100%
gold
100%
I
100%
in
100%
In
100%
jealous
100%
lie
100%
love
100%
love?
100%
me
100%
me?
100%
of
100%
remember
100%
sky
100%
sun
100%
the
100%
Upon
100%
we
100%
west
100%
when
100%
When
100%
you
100%
You
100%
And
75%
arms,
75%
As
75%
as
75%
be
75%
fell
75%
his
75%
like
75%
made
75%
my
75%
never
75%
promises
75%
she
75%
So
75%
so
75%
that
75%
walk
75%
Will
75%
wind
75%
with
75%
You'll
75%
Among
50%
been
50%
gaze
50%
her
50%
I've
50%
See
50%
some
50%
swear
50%
there
50%
to
50%
We'll
50%
body
25%
broken
25%
came
25%
can
25%
children
25%
down
25%
Feel
25%
goes
25%
hair
25%
have
25%
kiss
25%
lightly
25%
lover
25%
mouth
25%
move
25%
moves
25%
rise
25%
run
25%
stay
25%
took
25%
walked
25%
awhile
0%
days
0%
left
0%
Many
0%
passed
0%
since
0%
still
0%
summer
0%
tell
0%
those
0%
years
0%
No matching quizzes found
Score Distribution
Percent of People with Each Score
Percentile by Number Answered
Your Score History
You have not taken this quiz